Loading...
Science - Physics | 0 | 5 | 0 | 2 | 50 | 108 | 121.80 | 0 | 2 |
Science - Other Science | 0 | 5 | 0 | 0 | 50 | 79 | 95.00 | 2 | 4 |
Philosophy | 0 | 5 | 1 | 1 | 45 | 55 | 111.00 | 1 | 3 |
Social Science | 0 | 4 | 1 | 0 | 35 | 85 | 95.25 | 2 | 3 |
Other | 0 | 3 | 0 | 0 | 30 | 77 | 110.33 | 0 | 3 |
Science - Biology | 0 | 3 | 1 | 2 | 25 | 97 | 112.33 | 0 | 1 |
Fine Arts - Classical Music | 0 | 2 | 0 | 1 | 20 | 101 | 117.00 | 0 | 2 |
History - World History | 0 | 2 | 0 | 2 | 20 | 128 | 131.50 | 0 | 1 |
Literature - European Literature | 0 | 2 | 0 | 1 | 20 | 124 | 136.00 | 0 | 0 |
Religion | 0 | 2 | 0 | 0 | 20 | 68 | 91.50 | 0 | 1 |
Literature - British Literature | 0 | 2 | 1 | 1 | 15 | 145 | 147.00 | 0 | 1 |
Science - Chemistry | 0 | 2 | 1 | 1 | 15 | 130 | 131.00 | 1 | 1 |
Literature - American Literature | 0 | 1 | 0 | 1 | 10 | 148 | 148.00 | 0 | 0 |
History - Other History | 0 | 1 | 0 | 0 | 10 | 136 | 136.00 | 0 | 1 |
History - European History | 0 | 1 | 0 | 0 | 10 | 117 | 117.00 | 0 | 1 |
Mythology | 0 | 1 | 0 | 0 | 10 | 133 | 133.00 | 0 | 1 |
Fine Arts - Painting & Sculpture | 0 | 1 | 0 | 1 | 10 | 134 | 134.00 | 0 | 0 |
Literature - World Literature | 0 | 0 | 1 | 0 | -5 | 0.00 | 0 | 0 |